| Поле | Инд. | ПП | Название | Значение |
|---|---|---|---|---|
| Тип записи | a | |||
| Библиографический уровень | b | |||
| 001 | Контрольный номер | 584e568cd8a74a1c96b25e20640264a8 | ||
| 005 | Дата корректировки | 20211001161504.8 | ||
| 024 | 80 | a | Стандартный номер | DOI: 10.1134/1.1788042 |
| 040 | a | Служба первич. каталог. | РИНЦ | |
| 041 | 0_ | a | Код языка текста | eng |
| 084 | a | Индекс другой классификации/Индекс ББК | 22.381 | |
| 097 | a | Ануфриева Г.Ю. | ||
| 100 | 1_ | a | Автор | Aleev A. N. |
| 100 | 1_ | a | Автор | Amaglobeli N. S. |
| 100 | 1_ | a | Автор | Balandin V. P. |
| 100 | 1_ | a | Автор | Bulekov O. V. |
| 100 | 1_ | a | Автор | Korenkov V. V. |
| g | Прочие сведения | РИНЦ AuthorID: 98902 (http://elibrary.ru/author_items.asp?authorid=98902) | ||
| q | Полное имя | Кореньков Владимир Васильевич | ||
| u | Дополнение | Кореньков В. В. | ||
| c | Титул (звания) | старший научный сотрудник; доктор технических наук | ||
| i | 000089014 | |||
| k | Кафедра распределенных информационно-вычислительных систем; Институт системного анализа и управления | |||
| 100 | 1_ | q | Полное имя | Молоканова Наталья Александровна |
| a | Автор | Molokanova N. A. | ||
| u | Дополнение | Молоканова Н. А. | ||
| c | Титул (звания) | кандидат физико-математических наук | ||
| i | 100093173 | |||
| k | Кафедра системного анализа и управления; Институт системного анализа и управления | |||
| 245 | 10 | a | Заглавие | Associated φΛ0 production in the EXCHARM experiment |
| 650 | 04 | a | Основная рубрика | физика; ядерная физика |
| 773 | 18 | t | Название источника | Physics of Atomic Nuclei |
| b | Сведения об издании | Pleiades Publishing, Ltd. | ||
| c | Road Town | |||
| d | Место и дата издания | 2004 | ||
| m | Специф. данные | входит в Scopus | ||
| m | Специф. данные | входит в WoS | ||
| m | Специф. данные | входит в ядро РИНЦ | ||
| m | Специф. данные | журнал из перечня ВАК | ||
| n | Примечание | https://elibrary.ru/title_about.asp?id=9418 | ||
| g | Прочая информация | V. 67. - № 8. - P. 1513 - 1522 | ||
| w | Контрольный № источника | Physics of Atomic Nuclei | ||
| 856 | 40 | u | URL | https://elibrary.ru/item.asp?id=13452745 |
| 901 | t | Тип документа | b | |
| 952 | c | Вид литературы | статья в журнале |